| 000 | 00978nam a2200229 a 4500 | ||
|---|---|---|---|
| 001 | 000689270 | ||
| 003 | AM-YeHGA | ||
| 005 | 20250617142327.0 | ||
| 008 | 091012s1985 ||| r 000 0 rus d | ||
| 040 | _aAM-YeHGA | ||
| 041 | 0 | _arus | |
| 245 | 0 | 0 |
_aМорфогенетическая и агропроизводственная характеристика почв Башкирской АССР / _cФ.Х. Хазиев, Ю.В. Герасимов, А.Х. Мукатанов и др.; Башк. фил., Ин-т биологии, АН СССР, Башк. фил. ин-та "Волгогипрозем". |
| 260 |
_aУфа : _bБФАН СССР, _c1985. |
||
| 300 | _a136 с. | ||
| 504 | _aБиблиогр.: с. 59-60 | ||
| 653 | 0 | _aПочвы | |
| 700 | 1 | _aХазиев, Фангат Хаматович | |
| 700 | 1 | _aГерасимов, Ю.В. | |
| 700 | 1 | _aМукатанов, А.Х. | |
| 710 | 2 | _aИнститут биологии АН СССР | |
| 090 | _c257280 | ||
| 999 |
_c255676 _d255676 |
||